Human Anatomy Practice Workbook For Nurses (Record no. 362255)

MARC details
000 -LEADER
fixed length control field 00438nam a22001697a 4500
005 - DATE AND TIME OF LATEST TRANSACTION
control field 20241202140255.0
008 - FIXED-LENGTH DATA ELEMENTS--GENERAL INFORMATION
fixed length control field 241202b |||||||| |||| 00| 0 eng d
020 ## - INTERNATIONAL STANDARD BOOK NUMBER
International Standard Book Number 9789392019005
041 ## - LANGUAGE CODE
Language code of text/sound track or separate title Eng
082 ## - DEWEY DECIMAL CLASSIFICATION NUMBER
Edition number 1
Classification number 610.73
100 ## - MAIN ENTRY--PERSONAL NAME
Author Jain Nkit
245 ## - TITLE STATEMENT
Title Human Anatomy Practice Workbook For Nurses
260 ## - PUBLICATION, DISTRIBUTION, ETC.
Place of publication, distribution, etc. Jaipur
Name of publisher, distributor, etc. Bookera
Date of publication, distribution, etc. 2022-23
300 ## - PHYSICAL DESCRIPTION
Extent 112 Pg.
650 ## - SUBJECT ADDED ENTRY--TOPICAL TERM
Topical term or geographic name entry element Anatomy & Physiology
942 ## - ADDED ENTRY ELEMENTS (KOHA)
Koha item type Donated Book
Holdings
Withdrawn status Lost status Source of classification or shelving scheme Damaged status Not for loan Home library Current library Date acquired Vendor Net Price Bill number Total Checkouts Full call number Barcode Date last seen Date last checked out Actual Price Bill Date Koha item type
    Dewey Decimal Classification     Sitabai Nargundkar College of Nursing Nagpur Sitabai Nargundkar College of Nursing Nagpur 29/11/2024 Ms.Payal Tembhurne 75.00 IK#2024-25#00261 1 610.73 SNCN-DB-229 30/12/2024 11/12/2024 75.00 02/12/2024 Donated Book